World view 1A and 1B: Student CD

Gardado en:
Detalles Bibliográficos
Formato: Libro
Idioma:Undetermined
Publicado: US
Những chủ đề:
Các nhãn: Engadir etiqueta
Sen Etiquetas, Sexa o primeiro en etiquetar este rexistro!
Thư viện lưu trữ: Trung tâm Học liệu Trường Đại học Cần Thơ
LEADER 00476nam a2200157Ia 4500
001 CTU_214915
008 210402s9999 xx 000 0 und d
082 |a 428.0076 
082 |b W927 
245 0 |a World view 1A and 1B: 
245 0 |b Student CD 
260 |a US 
650 |a English language,Colloquial language,Tiếng Anh,Ngôn ngữ thông dụng 
650 |x Pronunciation,Phát âm 
904 |i Qhieu 
980 |a Trung tâm Học liệu Trường Đại học Cần Thơ